=LDR 00000nam 2200000 4500 =001 INLIS000000000029249 =005 20140325173442.0 =006 =007 =008 Ind =035 ##$$a 0010-061300000029249 =041 ##$$a Ind =082 ##$$a F.Rom.D =090 ##$$a F.Rom.D, Toh k =100 ##$$a Tohari, Ahmad =245 ##$$a Kubah, Ahmad Tohari =260 ##$$a 1995 $b Jakarta =850 ##$$a NBPNMAT